Narodnoje chozjajstvo socialističeskich stran v 1980 godu soobščenija statističeskich upravlenij

Guardado en:
Detalles Bibliográficos
Formato: Libro
Lenguaje:ruso
Publicado: Moskva Finansy i statistika 1981
Etiquetas: Agregar Etiqueta
Sin Etiquetas, Sea el primero en etiquetar este registro!

MARC

LEADER 00000nam a2200000 4500
001 c134748
005 20041019155302.1
041 0 |a rus 
044 |a RU 
245 1 0 |a Narodnoje chozjajstvo socialističeskich stran v 1980 godu  |b soobščenija statističeskich upravlenij 
264 1 |a Moskva  |b Finansy i statistika  |c 1981 
300 |a 180 s.